000 00977cab a2200205 4500
001 ##L134658
008 060823n2006 000 0 eng u
035 _a(Sirsi) u134658
041 0 _aeng
110 2 _aInvestment Property Forum
_92112
245 0 0 _aIPF forecast survey
_bJuly
260 _c2006
490 0 _aEstates Gazette
_v(0633) 19 August 2006, 32-33(2)
520 _aThe total return forecast for 2006 has risen to 16.5%, and although confidence has increased for 2007, concerns over yields in 2008 have deepened. For the period 2006-10 the consensus is for total returns of 8.2% pa, up from 8% in May. Over that period, offices show the strongest rental growth at 5% pa. Includes graphs for rental growth, capital growth and total returns for 2006 and 2007.
590 _aIKA230806
650 2 4 _aIPF CONSENSUS FORECAST SURVEY
651 4 _aUnited Kingdom
_y
690 _aPROPERTY-COMMERCIAL PROPERTY-COMMERCIAL PROPERTY FINANCE AND INVESTMENT
942 _n0
999 _c77608
_d77608